Diego Rivera (Record no. 1390)

MARC details
000 -CABECERA
campo de control de longitud fija 00892nam a2200217 a 4500
001 - NÚMERO DE CONTROL
campo de control BRCA_1545
005 - FECHA Y HORA DE LA ÚLTIMA TRANSACCIÓN
campo de control 20190320203451.0
008 - DATOS DE LONGITUD FIJA--INFORMACIÓN GENERAL
campo de control de longitud fija 960903s1987 mx-a---##b---#000-0#spa-d
020 ## - NÚMERO INTERNACIONAL ESTÁNDAR DEL LIBRO
Número Internacional Estándar del Libro 9686658076
040 ## - FUENTE DE LA CATALOGACIÓN
Centro catalogador/agencia de origen CtY
Centro/agencia transcriptor CtY
Centro/agencia modificador DLC
050 #4 - SIGNATURA TOPOGRÁFICA DE LA BIBLIOTECA DEL CONGRESO
Número de clasificación ND259.R5
Número de documento/Ítem .P56 1987
245 10 - MENCIÓN DE TÍTULO
Título Diego Rivera
Resto del título pintura mural
Mención de responsabilidad, etc. texto Antonio Rodríguez ; fotografía Enrique Franco Torrijos, Bob Schalkwijk ; diseño Bernardo Recamier ; coordinador editorial Víctor Manuel Espíndola.
260 ## - PUBLICACIÓN, DISTRIBUCIÓN, ETC.
Lugar de publicación, distribución, etc. México
Nombre del editor, distribuidor, etc. Fondo Editorial de la Plástica Mexicana : Fideicomiso en el Banco Nacional de Comercio Exterior
Fecha de publicación, distribución, etc. 1987
300 ## - DESCRIPCIÓN FÍSICA
Extensión 162 p.
Otras características físicas il. (algunas a color)
Dimensiones 46 cm.
500 ## - NOTA GENERAL
Nota general Incluye índice de ilustraciones
600 14 - PUNTO DE ACCESO ADICIONAL DE MATERIA--NOMBRE DE PERSONA
Nombre de persona Rivera, Diego
Fechas asociadas al nombre 1886-1957
Subdivisión de forma Catálogos
9 (RLIN) 4978
700 1# - PUNTO DE ACCESO ADICIONAL--NOMBRE DE PERSONA
Nombre de persona Rodríguez, Antonio
9 (RLIN) 4979
700 1# - PUNTO DE ACCESO ADICIONAL--NOMBRE DE PERSONA
Nombre de persona Franco Torrijos, Enrique
9 (RLIN) 625
700 1# - PUNTO DE ACCESO ADICIONAL--NOMBRE DE PERSONA
Nombre de persona Schalkwijk, Bob
9 (RLIN) 4404
942 ## - ELEMENTOS DE PUNTO DE ACCESO ADICIONAL (KOHA)
Fuente del sistema de clasificación o colocación Library of Congress Classification
Tipo de ítem Koha Libros
Holdings
Estado de retiro Estado de pérdida Estado dañado No para préstamo Localización permanente Ubicación/localización actual Fecha de adquisición Total de préstamos Signatura topográfica completa Código de barras Fecha visto por última vez Precio válido a partir de Tipo de ítem Koha
El ejemplar forma parte de la colección y puede ser consultado según las políticas vigentes.       Biblioteca del Museo Franz Mayer (Rogerio Casas-Alatriste) Biblioteca del Museo Franz Mayer (Rogerio Casas-Alatriste) 26/06/2008   ND259.R5 .P56 1987 02103 22/03/2019 22/03/2019 Libros